[Event "WCO2014"]
[Site "Tromso"]
[Date "2014.08.09"]
[Round "7.12"]
[WhiteID "10204482"]
[White "Sultana Sharmin Shirin"]
[BlackID "13904620"]
[Black "Gitu Paula-Alexandra"]
[Result "1/2-1/2"]
[LiveChessVersion "1.4.3"]
[BlackElo "1815"]
[WhiteElo "1984"]

1. d4 {[%clk 1:30:56]} d5 {[%clk 1:30:53]} 2. c4 {[%clk 1:31:22]} e6
{[%clk 1:31:20]} 3. Nc3 {[%clk 1:31:45]} Nf6 {[%clk 1:31:46]} 4. cxd5
{[%clk 1:32:08]} exd5 {[%clk 1:32:06]} 5. Bg5 {[%clk 1:32:18]} Nbd7
{[%clk 1:32:29]} 6. e3 {[%clk 1:32:36]} c6 {[%clk 1:32:45]} 7. Bd3
{[%clk 1:32:47]} Bd6 {[%clk 1:31:37]} 8. Qc2 {[%clk 1:30:35]} h6 {[%clk 1:29:20]}
9. Bh4 {[%clk 1:31:01]} O-O {[%clk 1:29:28]} 10. Nf3 {[%clk 1:24:21]} Re8
{[%clk 1:24:06]} 11. O-O-O {[%clk 1:14:14]} Qa5 {[%clk 1:07:52]} 12. Kb1
{[%clk 1:00:03]} Bb4 {[%clk 0:57:26]} 13. Ne2 {[%clk 0:53:50]} Ne4
{[%clk 0:43:20]} 14. Ng3 {[%clk 0:51:38]} Ndf6 {[%clk 0:38:09]} 15. Bxf6
{[%clk 0:51:42]} Nxf6 {[%clk 0:38:09]} 16. Ne5 {[%clk 0:52:05]} Bd6
{[%clk 0:30:09]} 17. f4 {[%clk 0:48:30]} c5 {[%clk 0:25:50]} 18. Nf5
{[%clk 0:45:27]} Bf8 {[%clk 0:13:26]} 19. g4 {[%clk 0:37:51]} c4 {[%clk 0:09:02]}
20. Be2 {[%clk 0:38:17]} Re6 {[%clk 0:05:51]} 21. g5 {[%clk 0:19:40]} Ra6
{[%clk 0:04:14]} 22. a4 {[%clk 0:20:08]} Ne4 {[%clk 0:03:15]} 23. Bg4
{[%clk 0:14:29]} Qxa4 {[%clk 0:01:34]} 24. Qxa4 {[%clk 0:14:58]} Rxa4
{[%clk 0:02:02]} 25. Rhf1 {[%clk 0:14:56]} c3 {[%clk 0:01:42]} 26. Kc2
{[%clk 0:12:26]} Ra2 {[%clk 0:01:35]} 27. Nd3 {[%clk 0:12:41]} cxb2
{[%clk 0:01:01]} 28. Nxb2 {[%clk 0:12:57]} Ba3 {[%clk 0:00:51]} 29. Rb1
{[%clk 0:13:16]} b6 {[%clk 0:00:37]} 30. Kb3 {[%clk 0:13:26]} Rxb2+
{[%clk 0:00:55]} 31. Rxb2 {[%clk 0:13:55]} Bxb2 {[%clk 0:01:24]} 32. Kxb2
{[%clk 0:14:24]} Be6 {[%clk 0:00:40]} 33. gxh6 {[%clk 0:14:09]} Bxf5
{[%clk 0:00:40]} 34. Bxf5 {[%clk 0:14:29]} gxh6 {[%clk 0:01:36]} 35. Rc1
{[%clk 0:11:18]} Nd6 {[%clk 0:01:11]} 36. Bd3 {[%clk 0:11:22]} Rc8
{[%clk 0:01:04]} 37. Rg1+ {[%clk 0:10:17]} Kf8 {[%clk 0:01:19]} 38. Rg3
{[%clk 0:09:40]} Ke7 {[%clk 0:00:45]} 39. Rh3 {[%clk 0:09:56]} Rh8
{[%clk 0:00:56]} 40. Rh5 {[%clk 0:09:38]} Ke6 {[%clk 0:00:55]} 41. Re5+
{[%clk 0:09:55]} Kd7 {[%clk 0:28:29]} 42. Rxd5 {[%clk 0:41:01]} Kc6
{[%clk 0:28:29]} 43. Rh5 {[%clk 0:38:15]} Re8 {[%clk 0:20:51]} 44. e4
{[%clk 0:38:00]} f6 {[%clk 0:06:50]} 45. e5 {[%clk 0:24:35]} fxe5
{[%clk 0:05:20]} 46. dxe5 {[%clk 0:24:42]} Nc8 {[%clk 0:00:49]} 47. Rxh6+
{[%clk 0:25:08]} Kd5 {[%clk 0:01:03]} 48. Ba6 {[%clk 0:18:51]} Ke4
{[%clk 0:00:35]} 49. Rf6 {[%clk 0:19:20]} Rh8 {[%clk 0:00:34]} 50. Bb7+
{[%clk 0:18:11]} Kd4 {[%clk 0:00:38]} 51. Bxc8 {[%clk 0:18:21]} Rxc8
{[%clk 0:01:07]} 52. e6 {[%clk 0:18:50]} Re8 {[%clk 0:00:35]} 53. f5
{[%clk 0:18:57]} Ke5 {[%clk 0:00:45]} 54. Rf7 {[%clk 0:19:26]} a5
{[%clk 0:00:36]} 55. h4 {[%clk 0:19:36]} b5 {[%clk 0:00:39]} 56. Rb7
{[%clk 0:20:04]} Kxf5 {[%clk 0:00:53]} 57. Rxb5+ {[%clk 0:19:38]} Kxe6
{[%clk 0:01:19]} 58. Rxa5 {[%clk 0:20:06]} Rh8 {[%clk 0:01:44]} 59. h5
{[%clk 0:19:21]} Kf6 {[%clk 0:02:07]} 60. Kc3 {[%clk 0:19:49]} Rd8
{[%clk 0:01:41]} 61. Kc4 {[%clk 0:20:12]} Kg7 {[%clk 0:01:37]} 62. Kc5
{[%clk 0:20:14]} Kh6 {[%clk 0:01:47]} 63. Kc6 {[%clk 0:20:39]} Rd1
{[%clk 0:02:13]} 64. Re5 {[%clk 0:20:51]} Rh1 {[%clk 0:02:16]} 1/2-1/2

[Event "WCO2014"]
[Site "Tromso"]
[Date "2014.08.09"]
[Round "7.32"]
[WhiteID "14700395"]
[White "Nasriddinzoda Marvorii"]
[BlackID "1004948"]
[Black "De Blecourt Sandra"]
[Result "1/2-1/2"]
[LiveChessVersion "1.4.3"]
[BlackElo "2122"]
[WhiteElo "2021"]

1. Nf3 {[%clk 1:30:56]} d5 {[%clk 1:30:54]} 2. g3 {[%clk 1:31:16]} Nf6
{[%clk 1:31:14]} 3. Bg2 {[%clk 1:31:40]} c6 {[%clk 1:31:38]} 4. b3
{[%clk 1:31:21]} Bg4 {[%clk 1:31:34]} 5. Bb2 {[%clk 1:31:42]} Nbd7
{[%clk 1:31:39]} 6. d3 {[%clk 1:30:54]} e6 {[%clk 1:30:41]} 7. Nbd2
{[%clk 1:29:28]} Bd6 {[%clk 1:29:26]} 8. O-O {[%clk 1:29:25]} O-O
{[%clk 1:29:45]} 9. a3 {[%clk 1:25:06]} a5 {[%clk 1:29:34]} 10. Qe1
{[%clk 1:24:19]} Re8 {[%clk 1:22:30]} 11. e4 {[%clk 1:23:17]} e5 {[%clk 1:21:35]}
12. h3 {[%clk 1:19:38]} Bh5 {[%clk 1:21:30]} 13. Nh4 {[%clk 1:18:11]} Nc5
{[%clk 1:10:29]} 14. Kh1 {[%clk 1:14:58]} Bc7 {[%clk 1:08:21]} 15. Nf5
{[%clk 1:07:54]} Bg6 {[%clk 1:06:29]} 16. Qe2 {[%clk 1:05:49]} dxe4
{[%clk 1:02:34]} 17. dxe4 {[%clk 0:55:02]} Ncxe4 {[%clk 0:47:07]} 18. Nh6+
{[%clk 0:48:50]} gxh6 {[%clk 0:47:22]} 19. Nxe4 {[%clk 0:49:02]} Nxe4
{[%clk 0:46:03]} 20. Bxe4 {[%clk 0:49:29]} Qd7 {[%clk 0:45:14]} 21. Bg2
{[%clk 0:48:46]} Qf5 {[%clk 0:39:07]} 22. Rac1 {[%clk 0:46:38]} Rad8
{[%clk 0:38:38]} 23. b4 {[%clk 0:45:38]} Rd7 {[%clk 0:36:29]} 24. b5
{[%clk 0:42:00]} Red8 {[%clk 0:32:04]} 25. Bc3 {[%clk 0:38:34]} cxb5
{[%clk 0:25:08]} 26. Qxb5 {[%clk 0:37:35]} b6 {[%clk 0:22:48]} 27. Kg1
{[%clk 0:33:41]} h5 {[%clk 0:20:49]} 28. Rfe1 {[%clk 0:30:18]} h4
{[%clk 0:15:01]} 29. gxh4 {[%clk 0:19:59]} f6 {[%clk 0:12:25]} 30. Qc4+
{[%clk 0:18:35]} Kh8 {[%clk 0:12:13]} 31. Qg4 {[%clk 0:16:14]} h5
{[%clk 0:09:45]} 32. Qxf5 {[%clk 0:14:02]} Bxf5 {[%clk 0:10:10]} 33. f4
{[%clk 0:09:10]} Rg7 {[%clk 0:08:57]} 34. Kf2 {[%clk 0:07:58]} Kh7
{[%clk 0:08:28]} 35. Bf3 {[%clk 0:06:00]} exf4 {[%clk 0:04:18]} 36. Bxf6
{[%clk 0:06:09]} Rd2+ {[%clk 0:04:39]} 37. Re2 {[%clk 0:06:17]} Rxe2+
{[%clk 0:04:32]} 38. Kxe2 {[%clk 0:06:30]} Rf7 {[%clk 0:04:27]} 39. Bg5
{[%clk 0:06:28]} Bg6 {[%clk 0:04:23]} 40. Bd5 {[%clk 0:05:50]} Rf5
{[%clk 0:03:53]} 41. c4 {[%clk 0:05:28]} Bd6 {[%clk 0:02:06]} 42. a4
{[%clk 0:02:40]} Re5+ {[%clk 0:01:27]} 43. Kf2 {[%clk 0:27:44]} Re3
{[%clk 0:27:18]} 44. Bf3 {[%clk 0:24:32]} Rd3 {[%clk 0:25:46]} 45. Rd1
{[%clk 0:21:28]} Bc5+ {[%clk 0:18:04]} 46. Kg2 {[%clk 0:21:48]} Rxd1
{[%clk 0:16:20]} 47. Bxd1 {[%clk 0:22:16]} Be4+ {[%clk 0:16:32]} 48. Bf3
{[%clk 0:22:19]} Bc2 {[%clk 0:16:12]} 49. Bc6 {[%clk 0:22:05]} Be3
{[%clk 0:15:43]} 50. Kf3 {[%clk 0:21:03]} Bd1+ {[%clk 0:15:39]} 51. Ke4
{[%clk 0:21:16]} Bc2+ {[%clk 0:16:03]} 52. Ke5 {[%clk 0:21:19]} Kg7
{[%clk 0:12:48]} 53. Be8 {[%clk 0:13:43]} Kf8 {[%clk 0:10:35]} 54. Bc6
{[%clk 0:12:29]} Kf7 {[%clk 0:09:49]} 55. Bd5+ {[%clk 0:12:04]} Ke8
{[%clk 0:07:59]} 56. Bc6+ {[%clk 0:11:14]} Kf7 {[%clk 0:08:25]} 57. Bd5+
{[%clk 0:11:09]} Ke8 {[%clk 0:08:51]} 58. Bc6+ 1/2-1/2

[Event "WCO2014"]
[Site "Tromso"]
[Date "2014.08.09"]
[Round "7.31"]
[WhiteID "1401637"]
[White "Guindy Esmat"]
[BlackID "14700182"]
[Black "Antonova Nadezhda"]
[Result "1-0"]
[LiveChessVersion "1.4.3"]
[BlackElo "2004"]
[WhiteElo "2074"]

1. c4 {[%clk 1:30:58]} Nf6 {[%clk 1:30:39]} 2. Nf3 {[%clk 1:30:46]} d6
{[%clk 1:30:33]} 3. Nc3 {[%clk 1:29:54]} g6 {[%clk 1:28:00]} 4. g3
{[%clk 1:30:17]} Bg7 {[%clk 1:28:12]} 5. Bg2 {[%clk 1:30:37]} O-O
{[%clk 1:28:02]} 6. O-O {[%clk 1:30:59]} Nc6 {[%clk 1:27:40]} 7. d3
{[%clk 1:24:02]} d5 {[%clk 1:23:33]} 8. cxd5 {[%clk 1:15:20]} Nxd5
{[%clk 1:23:51]} 9. Bd2 {[%clk 1:14:47]} h6 {[%clk 1:20:37]} 10. Qc1
{[%clk 1:12:19]} Nxc3 {[%clk 1:12:05]} 11. Bxc3 {[%clk 1:03:39]} e5
{[%clk 1:09:23]} 12. b4 {[%clk 0:58:19]} Nd4 {[%clk 1:00:50]} 13. Nxd4
{[%clk 0:56:29]} exd4 {[%clk 1:01:04]} 14. Bd2 {[%clk 0:56:56]} Qe7
{[%clk 0:55:01]} 15. Bxh6 {[%clk 0:45:53]} Bxh6 {[%clk 0:47:59]} 16. Qxh6
{[%clk 0:46:15]} Qxb4 {[%clk 0:40:10]} 17. Rab1 {[%clk 0:45:01]} Qe7
{[%clk 0:37:28]} 18. Be4 {[%clk 0:39:49]} c6 {[%clk 0:26:47]} 19. h4
{[%clk 0:38:47]} Qe5 {[%clk 0:20:39]} 20. Rfc1 {[%clk 0:35:12]} Qg7
{[%clk 0:15:59]} 21. Qxg7+ {[%clk 0:20:49]} Kxg7 {[%clk 0:16:28]} 22. Rb4
{[%clk 0:21:04]} Rd8 {[%clk 0:16:23]} 23. a4 {[%clk 0:20:30]} a5 {[%clk 0:14:15]}
24. Rb6 {[%clk 0:20:50]} Kf6 {[%clk 0:09:08]} 25. Rc5 {[%clk 0:17:42]} Ke6
{[%clk 0:07:42]} 26. g4 {[%clk 0:15:46]} Kd6 {[%clk 0:06:05]} 27. Rg5
{[%clk 0:15:54]} Kc7 {[%clk 0:04:48]} 28. Rb2 {[%clk 0:15:53]} Bd7
{[%clk 0:03:52]} 29. Kg2 {[%clk 0:13:04]} Rg8 {[%clk 0:02:24]} 30. Kg3
{[%clk 0:12:48]} b6 {[%clk 0:02:11]} 31. Rc2 {[%clk 0:09:24]} Rad8
{[%clk 0:01:35]} 32. Rc4 {[%clk 0:09:04]} Be8 {[%clk 0:01:13]} 33. Re5
{[%clk 0:07:07]} c5 {[%clk 0:00:42]} 34. f4 {[%clk 0:04:56]} Rd7 {[%clk 0:00:34]}
35. f5 {[%clk 0:04:15]} f6 {[%clk 0:00:39]} 36. Re6 {[%clk 0:02:45]} gxf5
{[%clk 0:01:02]} 37. Bxf5 {[%clk 0:01:59]} Rf7 {[%clk 0:01:01]} 38. Bg6
{[%clk 0:00:58]} Rxg6 {[%clk 0:00:38]} 39. Rxe8 {[%clk 0:01:24]} Rfg7
{[%clk 0:00:41]} 40. Re4 {[%clk 0:01:41]} f5 {[%clk 0:00:55]} 41. Rexd4
{[%clk 0:01:13]} fxg4 {[%clk 0:21:01]} 42. h5 {[%clk 0:27:07]} Rh6
{[%clk 0:19:21]} 43. Rd5 {[%clk 0:23:55]} Re6 {[%clk 0:15:23]} 44. Rxg4
{[%clk 0:19:34]} Re3+ {[%clk 0:15:27]} 45. Kh4 {[%clk 0:19:29]} Rge7
{[%clk 0:13:59]} 46. h6 {[%clk 0:16:30]} R3e6 {[%clk 0:04:46]} 47. Rh5
{[%clk 0:15:55]} Rxe2 {[%clk 0:05:03]} 48. Kg3 {[%clk 0:09:25]} R2e3+
{[%clk 0:01:15]} 49. Kf4 {[%clk 0:08:27]} Rxd3 {[%clk 0:00:48]} 50. Rg7
{[%clk 0:06:01]} Rd4+ {[%clk 0:00:49]} 51. Kg5 {[%clk 0:06:12]} Rd5+
{[%clk 0:00:43]} 52. Kg6 {[%clk 0:06:29]} Rd6+ {[%clk 0:00:39]} 53. Kh7
{[%clk 0:05:49]} Rdd7 {[%clk 0:00:41]} 54. Rhg5 {[%clk 0:05:47]} Kc6
{[%clk 0:00:41]} 55. Rxe7 {[%clk 0:04:13]} Rxe7+ {[%clk 0:01:10]} 56. Rg7
{[%clk 0:04:34]} Re4 {[%clk 0:00:59]} 57. Rg6+ {[%clk 0:04:23]} Kd5
{[%clk 0:00:44]} 58. Kg7 {[%clk 0:03:56]} Re7+ {[%clk 0:00:48]} 59. Kf8
{[%clk 0:03:21]} Rh7 {[%clk 0:00:39]} 60. Rxb6 {[%clk 0:03:30]} c4
{[%clk 0:00:34]} 61. Kg8 {[%clk 0:03:48]} Rxh6 {[%clk 0:00:39]} 62. Rxh6
{[%clk 0:04:08]} Kc5 {[%clk 0:01:09]} 63. Kf7 {[%clk 0:03:21]} Kb4
{[%clk 0:01:34]} 64. Ke6 {[%clk 0:03:06]} c3 {[%clk 0:00:36]} 65. Kd5
{[%clk 0:02:19]} c2 {[%clk 0:00:35]} 66. Rc6 {[%clk 0:02:40]} Kxa4
{[%clk 0:00:40]} 67. Kd4 {[%clk 0:01:54]} Kb3 {[%clk 0:00:48]} 68. Kd3
{[%clk 0:02:02]} a4 {[%clk 0:00:41]} 69. Rc3+ {[%clk 0:02:17]} Kb2
{[%clk 0:00:38]} 70. Rxc2+ {[%clk 0:02:41]} Kb3 {[%clk 0:00:35]} 71. Rc8
{[%clk 0:02:46]} a3 {[%clk 0:00:32]} 72. Rb8+ {[%clk 0:03:11]} Ka2
{[%clk 0:00:37]} 73. Kc2 {[%clk 0:02:20]} Ka1 {[%clk 0:00:50]} 74. Kb3
{[%clk 0:02:33]} 1-0

[Event "WCO2014"]
[Site "Tromso"]
[Date "2014.08.09"]
[Round "7.30"]
[WhiteID "14700204"]
[White "Ilhom Mootribai"]
[BlackID "1408259"]
[Black "Olsen Miriam F"]
[Result "0-1"]
[LiveChessVersion "1.4.3"]
[BlackElo "2019"]
[WhiteElo "1698"]

1. e4 {[%clk 1:30:58]} c5 {[%clk 1:30:57]} 2. Nc3 {[%clk 1:31:18]} e6
{[%clk 1:31:05]} 3. g3 {[%clk 1:31:19]} Nc6 {[%clk 1:30:18]} 4. Bg2
{[%clk 1:31:15]} g6 {[%clk 1:29:16]} 5. d3 {[%clk 1:30:12]} Bg7 {[%clk 1:28:53]}
6. f4 {[%clk 1:28:27]} d6 {[%clk 1:28:12]} 7. Nf3 {[%clk 1:26:34]} Nge7
{[%clk 1:28:00]} 8. Be3 {[%clk 1:24:36]} Nd4 {[%clk 1:25:47]} 9. O-O
{[%clk 1:23:52]} O-O {[%clk 1:25:06]} 10. Rb1 {[%clk 1:20:12]} Rb8
{[%clk 1:15:13]} 11. Ne2 {[%clk 1:19:27]} Nxf3+ {[%clk 0:56:36]} 12. Bxf3
{[%clk 1:19:29]} Qa5 {[%clk 0:54:19]} 13. a3 {[%clk 1:11:10]} b5 {[%clk 0:49:51]}
14. g4 {[%clk 1:10:10]} b4 {[%clk 0:46:22]} 15. axb4 {[%clk 1:01:54]} Qxb4
{[%clk 0:46:46]} 16. c3 {[%clk 0:59:37]} Qb3 {[%clk 0:39:05]} 17. Qd2
{[%clk 0:57:53]} f5 {[%clk 0:34:32]} 18. h4 {[%clk 0:53:20]} fxg4
{[%clk 0:30:51]} 19. Bxg4 {[%clk 0:53:29]} e5 {[%clk 0:30:58]} 20. Bxc8
{[%clk 0:50:47]} Rbxc8 {[%clk 0:31:23]} 21. h5 {[%clk 0:42:48]} Qe6
{[%clk 0:22:04]} 22. Ng3 {[%clk 0:30:12]} Qg4 {[%clk 0:18:56]} 23. Kg2
{[%clk 0:30:00]} gxh5 {[%clk 0:18:41]} 24. Qe2 {[%clk 0:29:51]} Bh6
{[%clk 0:14:46]} 25. Qxg4+ {[%clk 0:20:35]} hxg4 {[%clk 0:15:12]} 26. Ne2
{[%clk 0:17:33]} Ng6 {[%clk 0:15:28]} 27. Kg3 {[%clk 0:15:40]} exf4+
{[%clk 0:15:07]} 28. Bxf4 {[%clk 0:14:26]} Nxf4 {[%clk 0:14:33]} 29. Nxf4
{[%clk 0:14:43]} Bxf4+ {[%clk 0:11:42]} 30. Rxf4 {[%clk 0:15:10]} h5
{[%clk 0:11:51]} 31. Rg1 {[%clk 0:11:06]} Kg7 {[%clk 0:11:35]} 32. Rh1
{[%clk 0:09:58]} Rxf4 {[%clk 0:10:00]} 33. Kxf4 {[%clk 0:10:22]} Kg6
{[%clk 0:10:26]} 34. e5 {[%clk 0:08:51]} Rf8+ {[%clk 0:10:40]} 35. Ke4
{[%clk 0:09:08]} dxe5 {[%clk 0:08:58]} 36. Kxe5 {[%clk 0:09:24]} Kg5
{[%clk 0:08:15]} 37. Kd5 {[%clk 0:09:18]} Rf5+ {[%clk 0:08:30]} 38. Ke4
{[%clk 0:08:58]} g3 {[%clk 0:07:39]} 39. d4 {[%clk 0:07:52]} cxd4
{[%clk 0:08:02]} 40. cxd4 {[%clk 0:08:16]} h4 {[%clk 0:04:33]} 41. d5
{[%clk 0:08:13]} Kg4 {[%clk 0:01:45]} 42. d6 {[%clk 0:06:30]} g2 {[%clk 0:00:53]}
43. Rg1 {[%clk 0:05:54]} h3 {[%clk 0:01:02]} 44. d7 {[%clk 0:30:41]} Rf8
{[%clk 0:31:40]} 45. Ke5 {[%clk 0:30:16]} Kg3 {[%clk 0:28:27]} 46. Rc1
{[%clk 0:24:49]} Rd8 {[%clk 0:28:21]} 47. Ke6 {[%clk 0:23:46]} h2
{[%clk 0:26:55]} 0-1

[Event "WCO2014"]
[Site "Tromso"]
[Date "2014.08.09"]
[Round "7.29"]
[WhiteID "1504258"]
[White "Stolberg-Rohr Thomine"]
[BlackID "14700255"]
[Black "Odinaeva Saodat"]
[Result "0-1"]
[LiveChessVersion "1.4.3"]
[BlackElo "1785"]
[WhiteElo "1960"]

1. e4 {[%clk 1:30:56]} e6 {[%clk 1:30:55]} 2. d4 {[%clk 1:31:20]} d5
{[%clk 1:31:18]} 3. Nc3 {[%clk 1:31:43]} Bb4 {[%clk 1:31:29]} 4. e5
{[%clk 1:31:54]} c5 {[%clk 1:30:44]} 5. a3 {[%clk 1:32:14]} cxd4 {[%clk 1:26:03]}
6. axb4 {[%clk 1:31:24]} dxc3 {[%clk 1:26:05]} 7. Nf3 {[%clk 1:23:53]} cxb2
{[%clk 1:19:44]} 8. Bxb2 {[%clk 1:23:59]} Nc6 {[%clk 1:19:27]} 9. Qd2
{[%clk 1:18:51]} Nge7 {[%clk 1:15:16]} 10. b5 {[%clk 1:16:25]} Nb8
{[%clk 1:15:17]} 11. h4 {[%clk 1:10:45]} Nd7 {[%clk 1:10:37]} 12. h5
{[%clk 1:07:12]} h6 {[%clk 1:04:06]} 13. Be2 {[%clk 1:00:29]} Nc5
{[%clk 1:02:25]} 14. O-O {[%clk 0:59:38]} Nf5 {[%clk 0:59:43]} 15. Qb4
{[%clk 0:54:53]} b6 {[%clk 0:55:14]} 16. Bd3 {[%clk 0:54:20]} O-O
{[%clk 0:45:43]} 17. Rfd1 {[%clk 0:48:21]} Nxd3 {[%clk 0:38:19]} 18. cxd3
{[%clk 0:43:34]} Bb7 {[%clk 0:29:04]} 19. Ra4 {[%clk 0:34:46]} a6
{[%clk 0:22:00]} 20. bxa6 {[%clk 0:33:51]} Rxa6 {[%clk 0:22:08]} 21. Rda1
{[%clk 0:32:16]} Rxa4 {[%clk 0:19:30]} 22. Rxa4 {[%clk 0:32:18]} Qc7
{[%clk 0:15:07]} 23. Ba3 {[%clk 0:27:18]} Re8 {[%clk 0:10:46]} 24. Ra7
{[%clk 0:23:40]} Qc6 {[%clk 0:09:36]} 25. d4 {[%clk 0:20:56]} Ne7
{[%clk 0:05:23]} 26. Nd2 {[%clk 0:14:12]} Nc8 {[%clk 0:05:32]} 27. Ra4
{[%clk 0:14:12]} Qc2 {[%clk 0:05:23]} 28. Nf3 {[%clk 0:09:21]} Bc6
{[%clk 0:03:54]} 29. Ra6 {[%clk 0:09:36]} Qe2 {[%clk 0:03:32]} 30. Qc3
{[%clk 0:06:31]} Bb7 {[%clk 0:01:08]} 31. Ra7 {[%clk 0:03:29]} Nxa7
{[%clk 0:01:33]} 32. Qc7 {[%clk 0:03:53]} Qa6 {[%clk 0:01:26]} 33. Bd6
{[%clk 0:03:55]} Rc8 {[%clk 0:01:07]} 34. Qe7 {[%clk 0:04:10]} b5
{[%clk 0:01:01]} 35. g4 {[%clk 0:02:49]} Nc6 {[%clk 0:01:20]} 36. Qh4
{[%clk 0:02:51]} Qa1+ {[%clk 0:01:36]} 37. Kg2 {[%clk 0:03:08]} Nxd4
{[%clk 0:01:55]} 38. Nh2 {[%clk 0:02:27]} Ne2 {[%clk 0:01:30]} 39. g5
{[%clk 0:02:29]} d4+ {[%clk 0:01:12]} 40. Kh3 {[%clk 0:00:55]} Rc3+
{[%clk 0:00:58]} 0-1

[Event "WCO2014"]
[Site "Tromso"]
[Date "2014.08.09"]
[Round "7.5"]
[WhiteID "305650"]
[White "Ptacnikova Lenka"]
[BlackID "5105994"]
[Black "Garcia Morales Ivette"]
[Result "1-0"]
[LiveChessVersion "1.4.3"]
[BlackElo "2113"]
[WhiteElo "2273"]

1. Nf3 {[%clk 1:30:58]} e6 {[%clk 1:30:51]} 2. g3 {[%clk 1:29:31]} Nf6
{[%clk 1:31:16]} 3. Bg2 {[%clk 1:29:27]} Be7 4. O-O {[%clk 1:29:25]} d5
{[%clk 1:31:32]} 5. c4 {[%clk 1:24:49]} d4 {[%clk 1:31:47]} 6. e3
{[%clk 1:24:38]} c5 {[%clk 1:31:45]} 7. exd4 {[%clk 1:23:23]} cxd4
{[%clk 1:32:12]} 8. d3 {[%clk 1:23:33]} Nc6 {[%clk 1:31:59]} 9. Re1
{[%clk 1:23:12]} O-O {[%clk 1:32:10]} 10. b3 {[%clk 1:23:17]} Ne8
{[%clk 1:26:08]} 11. Na3 {[%clk 1:19:14]} f6 {[%clk 1:26:15]} 12. Nc2
{[%clk 1:18:06]} e5 {[%clk 1:25:50]} 13. a3 {[%clk 1:17:23]} a5 {[%clk 1:24:12]}
14. Rb1 {[%clk 1:12:23]} Rb8 {[%clk 1:10:49]} 15. b4 {[%clk 0:53:06]} axb4
{[%clk 1:10:18]} 16. axb4 {[%clk 0:53:24]} b5 {[%clk 0:58:01]} 17. Nh4
{[%clk 0:30:42]} Qd6 {[%clk 0:38:33]} 18. c5 {[%clk 0:27:18]} Qd7
{[%clk 0:34:13]} 19. Qf3 {[%clk 0:19:42]} Nd8 {[%clk 0:23:50]} 20. Qd5+
{[%clk 0:16:33]} Ne6 {[%clk 0:22:24]} 21. Nf5 {[%clk 0:14:46]} Rf7
{[%clk 0:21:27]} 22. f4 {[%clk 0:09:44]} N6c7 {[%clk 0:11:38]} 23. Qxd7
{[%clk 0:09:39]} Bxd7 {[%clk 0:12:06]} 24. Nxe7+ {[%clk 0:08:31]} Rxe7
{[%clk 0:12:34]} 25. Nxd4 {[%clk 0:08:42]} Rd8 {[%clk 0:09:26]} 26. fxe5
{[%clk 0:08:22]} Rxe5 {[%clk 0:06:58]} 27. Rxe5 {[%clk 0:05:18]} fxe5
{[%clk 0:07:25]} 28. Nf3 {[%clk 0:05:30]} Bf5 {[%clk 0:07:08]} 29. Nxe5
{[%clk 0:05:50]} Bxd3 {[%clk 0:07:11]} 30. Nxd3 {[%clk 0:06:12]} Rxd3
{[%clk 0:07:36]} 31. Bf4 {[%clk 0:06:19]} Ne6 {[%clk 0:05:28]} 32. Be5
{[%clk 0:05:23]} Re3 {[%clk 0:04:14]} 33. Bb8 {[%clk 0:05:31]} N8c7
{[%clk 0:04:01]} 34. c6 {[%clk 0:03:58]} Rd3 {[%clk 0:03:38]} 35. Re1
{[%clk 0:03:39]} Kf7 {[%clk 0:03:20]} 36. Bh3 {[%clk 0:03:18]} Rc3
{[%clk 0:02:51]} 37. Bg2 {[%clk 0:02:28]} Rc4 {[%clk 0:02:26]} 38. Rd1
{[%clk 0:02:31]} Kf6 {[%clk 0:00:48]} 39. Rd6 {[%clk 0:01:29]} Rc1+
{[%clk 0:00:52]} 40. Kf2 {[%clk 0:01:45]} Rc2+ {[%clk 0:01:12]} 41. Kf1
{[%clk 0:01:44]} Rc1+ {[%clk 0:00:59]} 42. Ke2 {[%clk 0:01:47]} Rc2+
{[%clk 0:24:48]} 43. Rd2 {[%clk 0:30:23]} Rxd2+ {[%clk 0:21:40]} 44. Kxd2
{[%clk 0:30:49]} Ke7 {[%clk 0:20:52]} 45. Bh3 {[%clk 0:27:16]} Nd5
{[%clk 0:16:11]} 46. Be5 {[%clk 0:24:46]} g6 {[%clk 0:14:34]} 47. Kc1
{[%clk 0:22:57]} Nec7 {[%clk 0:13:05]} 48. Kb2 {[%clk 0:22:18]} Kd8
{[%clk 0:12:08]} 49. Kb3 {[%clk 0:21:40]} Ke7 {[%clk 0:07:48]} 50. Bg4
{[%clk 0:17:07]} Na6 {[%clk 0:05:24]} 51. h4 {[%clk 0:16:31]} Nac7
{[%clk 0:04:30]} 52. Bh3 {[%clk 0:15:54]} Ne6 {[%clk 0:03:29]} 53. g4
{[%clk 0:14:46]} Nec7 {[%clk 0:01:41]} 54. g5 {[%clk 0:14:39]} Ne6
{[%clk 0:01:44]} 55. Bg4 {[%clk 0:12:59]} Nec7 {[%clk 0:01:42]} 56. Ka3
{[%clk 0:11:29]} Ne6 {[%clk 0:01:49]} 57. Bd1 {[%clk 0:10:13]} Nb6
{[%clk 0:01:07]} 58. Bb3 {[%clk 0:08:07]} Nc8 {[%clk 0:01:23]} 59. Kb2
{[%clk 0:07:09]} Nb6 {[%clk 0:01:01]} 60. Kc3 {[%clk 0:06:46]} Na8
{[%clk 0:01:04]} 61. Kd3 {[%clk 0:06:36]} Nac7 {[%clk 0:01:09]} 62. Ke4
{[%clk 0:03:44]} Na6 {[%clk 0:00:58]} 63. Bxe6 {[%clk 0:03:34]} Kxe6
{[%clk 0:01:19]} 64. c7 {[%clk 0:03:23]} Kd7 {[%clk 0:01:47]} 65. Bd6
{[%clk 0:02:46]} Nxc7 {[%clk 0:01:44]} 66. Bxc7 {[%clk 0:03:09]} Kxc7
{[%clk 0:02:10]} 67. Kd5 {[%clk 0:02:30]} Kd7 {[%clk 0:02:31]} 68. Kc5
{[%clk 0:02:43]} Ke6 {[%clk 0:02:56]} 69. Kxb5 {[%clk 0:03:09]} Kf5
{[%clk 0:03:25]} 70. Kc4 {[%clk 0:02:58]} Kg4 {[%clk 0:03:48]} 71. b5
{[%clk 0:03:23]} Kxh4 {[%clk 0:04:14]} 72. b6 {[%clk 0:03:50]} Kxg5
{[%clk 0:04:06]} 73. b7 {[%clk 0:04:15]} Kh4 {[%clk 0:03:52]} 74. b8=Q
{[%clk 0:04:35]} g5 {[%clk 0:04:13]} 75. Qh2+ {[%clk 0:04:55]} 1-0